Who Dies? - Sudden Death - Harry Potter - Statistics

General Stats
  • This quiz has been taken 146 times
  • The average score is 8 of 12
Answers on the Grid
Answers color-coded by a green-red scale on the quiz's grid according to % correct below.
Ginny Weasley
Remus Lupin
Rubeus Hagrid
Albus Dumbledore
Bellatrix Lestrange
Lucius Malfoy
Hedwig
Rita Skeeter
Nymphadora Tonks
Severus Snape
Bill Weasley
Dobby
Rufus Scrimgeour
Colin Creevey
Cho Chang
Garrick Ollivander
Quirinus Quirrell
Dolores Umbridge
Broderick Bode
Igor Karkaroff
 
Answer Stats
Answer % Correct
Albus Dumbledore
93%
Remus Lupin
91%
Bellatrix Lestrange
89%
Severus Snape
88%
Dobby
81%
Hedwig
81%
Nymphadora Tonks
75%
Quirinus Quirrell
66%
Colin Creevey
50%
Rufus Scrimgeour
50%
Igor Karkaroff
44%
Broderick Bode
39%
No matching quizzes found
Score Distribution
Percent of People with Each Score
Percentile by Number Answered
Your Score History
You have not taken this quiz